000 00653nam a2200193 a 4500
001 000021226
005 20200930011252.0
008 100902s1972 sp r 000 p spa d
040 _aDO-SdBNP
_bspa
_cBNPHU
082 _aPR861.4408
_bM433a
100 1 _aMatos Paoli, Francisco
_99210
245 1 0 _aAntología poética /
_cFrancisco Matos Paoli; selección y prólogo por José Emilio González.
260 _aBarcelona :
_bUniversitaria,
_c1972.
300 _a197 p. ;
_c22 cm.
650 4 _aPoesía puertorriqueña
_xColecciones
_98932
650 4 _aLiteratura puertorriqueña
_9250
700 1 _aGonzález, José Emilio
_epról.
_93523
049 _aBNGR
999 _c20727
_d20727